000
00214nam a22000977a 4500
100
_a
Pathak, Manoj
_9
79831
245
_a
Bhagwat
260
_a
Delhi
_b
Premier Book
_c
2018
650
_a
Children Book
_9
79832
942
_c
BK
999
_c
63405
_d
63405